The communist conspiracy.

Bibliographic Details
Main Author: King-Hall, Stephen, Sir, 1893-1966
Format: Book
Language:English
Published: London : Constable, [1953]
Subjects:

MARC

Tag First Indicator Second Indicator Subfields
LEADER 00000cam a2200000I 4500
001 in00002047721
005 20151101063556.0
008 780105s1953 enk 000 0 eng
010 |a  53029489  
015 |a GB53-6842 
035 |a (OCoLC)ocm03532625 
040 |a DLC  |c XFM  |d UKM  |d OCLCQ  |d TXA  |d UtOrBLW 
043 |a e-ur--- 
049 |a TXAM 
082 0 4 |a 327.47  |2 18 
090 |a DK63.3  |b .K5 
100 1 |a King-Hall, Stephen,  |c Sir,  |d 1893-1966. 
245 1 4 |a The communist conspiracy. 
264 1 |a London :  |b Constable,  |c [1953] 
300 |a 239 pages ;  |c 21 cm. 
336 |a text  |b txt  |2 rdacontent 
337 |a unmediated  |b n  |2 rdamedia 
338 |a volume  |b nc  |2 rdacarrier 
536 |a From the Library of Dr. R. G. Breene, Jr., March 2004. 
651 0 |a Soviet Union  |x Foreign relations  |y 1945-1991. 
650 0 |a Communism. 
994 |a C0  |b TXA 
948 |a cataloged  |b h  |c 2005/5/5  |d c  |e bhartsfi  |f 2:34:48 pm 
999 |a MARS 
999 f f |s 2c056b51-dd72-35c4-9c2d-df81a1b483a8  |i fd96a34a-805b-3ae3-a993-71f9a88a2f1a  |t 0 
952 f f |p ric  |a Texas A&M University  |b Rellis Campus  |c Joint Library Facility  |d Remote Storage  |t 0  |e DK63.3 .K5  |h Library of Congress classification  |i unmediated -- volume  |m A14833755437 
998 f f |a DK63.3 .K5  |t 0  |l Remote Storage